000 00447nam a2200157Ia 4500
008 220531s9999 xx 000 0 und d
041 _amar
100 _aगगनगास आणि येवले.
_952086
245 _aसमाजशास्‍त्रचा परिचय
260 _aPune
_bNirali
_c2008
300 _a6.16
542 _d21-08-2008
650 _aSociology
_952087
906 _d2008-2009
999 _c30262
_d30262